| 000 | 00714nam a22001817a 4500 | ||
|---|---|---|---|
| 003 | AM-YeHGA | ||
| 040 | _aAM-YeHGA | ||
| 090 | _c439267 | ||
| 005 | 20250617155648.0 | ||
| 008 | 190909s ||||| |||| 00| 0 rus d | ||
| 041 | 0 | _arus | |
| 245 | 0 | 0 |
_aЭлементы и узлы бесконтактных систем автоматики / _cАН СССР. Ин-т точной механикии вычислительной техники |
| 260 |
_a[Москва.] : _bИзд-во АН СССР, _c1955. |
||
| 300 | _a214 с. | ||
| 653 | 0 | _aАвтоматика | |
| 710 | 2 | _aИнститут точной механикии вычислительной техники АН СССР. | |
| 942 |
_2udc _cBK |
||
| 999 |
_c436586 _d436586 |
||